000 00893nam a22002411 4500
001 gs 05000230
003 DLC
005 20260227111300.0
008 910111s1858 ncua s00000 eng c
010 _ags 05000230 //r912
040 _aU.S. Geol. Survey Libr./ICU
_cICU
043 _an-us-nc
050 1 0 _aQE147
_b.A12 1858
110 1 0 _aNorth Carolina.
_bState geologist.
245 1 0 _aReport of the North Carolina geological survey.
_bAgriculture of the eastern counties; together with descriptions of the fossils of the marl beds ...
_cBy Ebenezer Emmons.
260 0 _aRaleigh,
_bH.D. Turner,
_c1858.
300 _axvi, 314 p., 1 l.
_billus.
_c23 cm.
500 _a"Additions and corrections": leaf at end.
650 0 _aSoils
_zNorth Carolina.
650 0 _aPaleontology
_zNorth Carolina.
700 1 0 _aEmmons, Ebenezer,
_d1799-1863.
740 0 1 _aAgriculture of the eastern counties.
999 _c24170
_d24170